[Event "Helsinki We Garde 3rd Group B"]
[White "Karasmaki, Seppo"]
[Black "Salminen, Matti"]
[Site "Helsinki"]
[Round "5"]
[Result "1/2-1/2"]
[Date "2014.03.02"]
[WhiteElo "1790"]
[BlackElo "1751"]
[PlyCount "40"]
[EventDate "2014.02.28"]
[EventType "swiss"]
[EventRounds "5"]
[EventCountry "FIN"]
[SourceTitle "EXT 2022"]
[Source "ChessBase"]
[SourceDate "2021.10.06"]
[SourceVersion "1"]
[SourceVersionDate "2021.10.06"]
[SourceQuality "1"]

1. e4 c5 2. Nf3 Nc6 3. Bb5 g6 4. Bxc6 bxc6 5. 0-0 Bg7 6. Re1 Nf6 7. Nc3 0-0 8. b3 d6 9. h3 e5 10. d3 h6 11. Be3 Be6 12. Qd2 Kh7 13. Nh2 Qd7 14. Ne2 Nh5 15. Rad1 Qe7 16. f4 exf4 17. Nxf4 Nxf4 18. Bxf4 Rad8 19. Qc1 Qd7 20. c4 Qb7 1/2-1/2

[Event "Helsinki We Garde 3rd Group B"]
[White "Salminen, Matti"]
[Black "Hiisio, Pasi"]
[Site "Helsinki"]
[Round "4"]
[Result "1/2-1/2"]
[Date "2014.03.02"]
[WhiteElo "1751"]
[BlackElo "1696"]
[PlyCount "58"]
[EventDate "2014.02.28"]
[EventType "swiss"]
[EventRounds "5"]
[EventCountry "FIN"]
[SourceTitle "EXT 2022"]
[Source "ChessBase"]
[SourceDate "2021.10.06"]
[SourceVersion "1"]
[SourceVersionDate "2021.10.06"]
[SourceQuality "1"]

1. e4 d5 2. exd5 Nf6 3. Bb5+ Nbd7 4. Nc3 a6 5. Be2 Nb6 6. d4 Nbxd5 7. Nxd5 Nxd5 8. c4 Nf6 9. Nf3 e6 10. 0-0 g6 11. Re1 Bg7 12. Bf4 0-0 13. Qc2 c6 14. Rad1 Kh8 15. h3 Nd7 16. Bf1 Nb6 17. Be5 Bxe5 18. Nxe5 Kg8 19. Qd2 Qe7 20. Nf3 Qf6 21. Qh6 Qg7 22. Qh4 Nd7 23. Bd3 Nf6 24. Re2 Bd7 25. Rde1 Rad8 26. Bb1 Rfe8 27. Qg5 h6 28. Qc5 Bc8 29. Ne5 Nd7 1/2-1/2

[Event "Helsinki We Garde 9th Group B"]
[White "Kakranen, Aapo"]
[Black "Salminen, Matti"]
[Site "Helsinki"]
[Round "5"]
[Result "0-1"]
[Date "2013.09.15"]
[WhiteElo "1798"]
[BlackElo "1647"]
[PlyCount "88"]
[EventDate "2013.09.13"]
[EventType "swiss"]
[EventRounds "5"]
[EventCountry "FIN"]
[SourceTitle "EXT 2022"]
[Source "ChessBase"]
[SourceDate "2021.10.06"]
[SourceVersion "1"]
[SourceVersionDate "2021.10.06"]
[SourceQuality "1"]

1. Nf3 d5 2. g3 Nc6 3. d4 Bf5 4. a3 e6 5. Bg2 h6 6. 0-0 Nf6 7. c4 dxc4 8. Qa4 Nd7 9. Ne5 Ncxe5 10. dxe5 c6 11. Rd1 Qc7 12. Qxc4 Nxe5 13. Qc3 Nd7 14. Be3 Nf6 15. Nd2 Nd5 16. Bxd5 exd5 17. Bf4 Qb6 18. Qe5+ Be6 19. Nf3 Qd8 20. Qc3 f6 21. e4 Be7 22. Nh4 Kf7 23. exd5 cxd5 24. Nf3 Rc8 25. Qd3 Bc5 26. b4 Bb6 27. Rdc1 Qd7 28. h4 a6 29. h5 Bf5 30. Qb3 Rhe8 31. Rxc8 Rxc8 32. Rd1 Be6 33. Qd3 Kf8 34. Nh4 Bg4 35. Ng6+ Kf7 36. Qxd5+ Qxd5 37. Rxd5 Bxh5 38. Nh8+ Rxh8 39. Rxh5 g5 40. Be3 Kg6 41. Rh2 Bc7 42. f4 Re8 43. Kf2 Re4 44. Kf3 Rc4 0-1

[Event "Helsinki We Garde 9th Group B"]
[White "Salminen, Matti"]
[Black "Kugappi, Tomi"]
[Site "Helsinki"]
[Round "2"]
[Result "0-1"]
[Date "2013.09.14"]
[WhiteElo "1647"]
[BlackElo "1750"]
[PlyCount "112"]
[EventDate "2013.09.13"]
[EventType "swiss"]
[EventRounds "5"]
[EventCountry "FIN"]
[SourceTitle "EXT 2022"]
[Source "ChessBase"]
[SourceDate "2021.10.06"]
[SourceVersion "1"]
[SourceVersionDate "2021.10.06"]
[SourceQuality "1"]

1. e4 d6 2. d4 Nf6 3. Nc3 e5 4. Nf3 Nbd7 5. Bc4 Be7 6. h3 0-0 7. Be3 h6 8. Qd2 c6 9. Bxh6 gxh6 10. Qxh6 Nh7 11. Qg6+ Kh8 12. Bxf7 Bf6 13. h4 Qe7 14. dxe5 Nxe5 15. Nxe5 dxe5 16. Bb3 Be6 17. Bxe6 Qxe6 18. g3 Rad8 19. Qh6 Qg4 20. Qe3 b6 21. Qe2 Qg7 22. g4 Be7 23. a3 Bc5 24. Rh2 Rf4 25. f3 Qf7 26. Rh3 Rf8 27. Rd1 Rxf3 28. Rxf3 Qxf3 29. Qxf3 Rxf3 30. Rd8+ Kg7 31. Rd7+ Rf7 32. Rxf7+ Kxf7 33. Ke2 Be7 34. g5 Kg6 35. Kf3 Kh5 36. Kg3 Nf8 37. Nd1 Ng6 38. Nf2 Nxh4 39. Ng4 Kxg5 40. Ne3 Ng6 41. Nf5 Kf6 42. Kf3 Nf4 43. Ne3 Ke6 44. b4 Nh5 45. c3 Nf6 46. c4 Nd7 47. Ke2 a5 48. Nc2 Nb8 49. bxa5 bxa5 50. Kd3 Na6 51. Ke3 Nc5 52. Kf3 Bg5 53. Na1 Bc1 54. Nc2 Na4 55. Ke2 Nc5 56. Kf3 Kd6 0-1